Effets des invetissements directs étrangers sur le développement industriel en Afrique Subsaharienne (Record no. 53618)
| 000 -GUIDE | |
|---|---|
| Champ de contrôle de longueur fixe | 01211nam a22002417a 4500 |
| 003 - IDENTITÉ DU NUMÉRO DE CONTRÔLE | |
| Champ de contrôle | BI-BuBU |
| 008 - ÉLÉMENTS DE LONGUEUR FIXE - RENSEIGNEMENTS GÉNÉRAUX | |
| Champ de contrôle de longueur fixe | 260318b2026 bd fr|||| 000 0 fre d |
| 037 ## - SOURCE D'ACQUISITION | |
| Source d'acquisition et du numéro d'inventaire | Don de l'auteur |
| 039 ## - NIVEAU DE CONTRÔLE BIBLIOGRAPHIQUE ET HISTORIQUE D'ENCODAGE [OBSOLETE] | |
| Date creation | 20260318103125.0 |
| Nom catalographe | Thacien Mutabazi |
| 040 ## - SOURCE DU CATALOGAGE | |
| Organisme qui a effectué le catalogage original | BI-BuBU |
| Code de la langue utilisée dans le catalogage | fre |
| Organisme qui a effectué la transcription | BI-BuBU |
| Organisme qui a effectué la modification | BI-BuBU |
| 041 0# - CODE DE LANGUE | |
| Code de langue du texte/de la piste sonore ou du titre distinct | fre |
| 080 ## - INDICE DE LA CLASSIFICATION DÉCIMALE UNIVERSELLE (CDU) | |
| Indice de la Classification décimale universelle | 658.125. |
| 100 1# - VEDETTE PRINCIPALE - NOM DE PERSONNE | |
| Code de relation | aut. |
| Nom de personne | Nzigamwanayo, Samuel |
| 245 10 - MENTION DU TITRE | |
| Titre | Effets des invetissements directs étrangers sur le développement industriel en Afrique Subsaharienne |
| Reste du titre | rôle de la gouvernance et de l'ouverture commerciale |
| Mention de responsabilité, etc. | Samuel Nzigamwanayo ; Jean Petit Sinamenye,directeur |
| 260 ## - PUBLICATION, DIFFUSION, ETC. (ADRESSE BIBLIOGRAPHIQUE) | |
| Lieu de publication, diffusion, etc. | Bujumbura |
| Nom de l'éditeur, diffuseur, etc. | Université du Burundi, Faculté des Sciences Economiques et de Gestion |
| Date of publication, distribution, etc | 2025 |
| 300 ## - DESCRIPTION MATÉRIELLE | |
| Collation | XIII-146 f. |
| Dimensions | 30 cm. |
| 502 ## - NOTE DE THÈSE OU MÉMOIRE | |
| Note de thèse | Mémoire présenté et défendu publiquement en vue de l'obtention du diplôme de Master en Analyse Economique et développement.<br/>Option : Analyse économique. |
| 650 #7 - VEDETTE-MATIÈRE - NOM COMMUN | |
| Source du terme | BI-BuBU |
| Vedette de sujet ou vedette comportant un nom géographique | Invetissement direct étranger : Développement industriel |
| Subdivision géographique | Afrique subsaharienne |
| 650 #7 - VEDETTE-MATIÈRE - NOM COMMUN | |
| Source du terme | BI-BuBU |
| Vedette de sujet ou vedette comportant un nom géographique | Développement industriel : Invetissement direct étranger |
| Subdivision géographique | Afrique subsaharienne |
| 655 #7 - TERME D'INDEXATION - GENRE OU FORME | |
| Source du terme | BI-BuBU |
| Données ou terme dominant sur le genre ou la forme | Mémoire |
| 700 1# - VEDETTE SECONDAIRE - NOM DE PERSONNE | |
| Code de relation | dir. |
| Nom d'auteur | Sinamenye, Jean Petit |
| 942 ## - ÉLÉMENTS D'ENTRÉE ADDITIONNELLE (KOHA) | |
| Source de la classification ou du système de rangement | |
| Type d item koha | BOOK |
No items available.